<?xml version="1.0" encoding="UTF-8"?>
<record
    xmlns:xsi="http://www.w3.org/2001/XMLSchema-instance"
    xsi:schemaLocation="http://www.loc.gov/MARC21/slim http://www.loc.gov/standards/marcxml/schema/MARC21slim.xsd"
    xmlns="http://www.loc.gov/MARC21/slim">

  <leader>00959na  a2200289   4500</leader>
  <controlfield tag="001">24210</controlfield>
  <controlfield tag="003">MIRAKIL</controlfield>
  <controlfield tag="005">20181213155332.0</controlfield>
  <controlfield tag="008">180619b        tu            000 0      </controlfield>
  <datafield tag="020" ind1=" " ind2=" ">
    <subfield code="a">9786051244105</subfield>
  </datafield>
  <datafield tag="040" ind1=" " ind2=" ">
    <subfield code="a">Milas</subfield>
    <subfield code="b">tur</subfield>
    <subfield code="c">TR-AnCHP</subfield>
  </datafield>
  <datafield tag="041" ind1=" " ind2=" ">
    <subfield code="a">tur</subfield>
  </datafield>
  <datafield tag="082" ind1=" " ind2=" ">
    <subfield code="a">CHP 320.9561</subfield>
    <subfield code="b">T66&#xE7; 2016</subfield>
  </datafield>
  <datafield tag="090" ind1=" " ind2=" ">
    <subfield code="a">CHP 320.9561 T66&#xE7; 2016</subfield>
  </datafield>
  <datafield tag="100" ind1=" " ind2=" ">
    <subfield code="a">Topuz, Ali</subfield>
  </datafield>
  <datafield tag="245" ind1=" " ind2=" ">
    <subfield code="a">&#xC7;a&#x11F;da&#x15F; kimli&#x11F;imiz i&#xE7;in direni&#x15F;</subfield>
    <subfield code="b">Umut da &#xE7;&#xF6;z&#xFC;m de CHP Neden?*  Nas&#x131;l?</subfield>
    <subfield code="c">Ali Topuz</subfield>
  </datafield>
  <datafield tag="246" ind1=" " ind2=" ">
    <subfield code="a">Umut da &#xE7;&#xF6;z&#xFC;m de CHP Neden?*  Nas&#x131;l?</subfield>
  </datafield>
  <datafield tag="260" ind1=" " ind2=" ">
    <subfield code="a">&#x130;stanbul</subfield>
    <subfield code="b">Net Kitap</subfield>
    <subfield code="c">2016</subfield>
    <subfield code="f">&#xD6;m&#xFC;r matbaac&#x131;l&#x131;k</subfield>
  </datafield>
  <datafield tag="300" ind1=" " ind2=" ">
    <subfield code="a">312 s.</subfield>
    <subfield code="b">fot&#x11F;. , tbl.</subfield>
    <subfield code="c">21 sm.</subfield>
  </datafield>
  <datafield tag="500" ind1=" " ind2=" ">
    <subfield code="a">Yap&#x131;t yazar&#x131;ndan imzal&#x131;d&#x131;r.</subfield>
  </datafield>
  <datafield tag="504" ind1=" " ind2=" ">
    <subfield code="a">Kaynak&#xE7;a var.</subfield>
  </datafield>
  <datafield tag="610" ind1=" " ind2=" ">
    <subfield code="a">CHP</subfield>
    <subfield code="x">Propaganda ve ideolojiler</subfield>
  </datafield>
  <datafield tag="650" ind1=" " ind2=" ">
    <subfield code="a">Siyaset ve y&#xF6;netim</subfield>
    <subfield code="x">Sorunlar ve &#xE7;&#xF6;z&#xFC;mler</subfield>
  </datafield>
  <datafield tag="650" ind1=" " ind2=" ">
    <subfield code="a">Siyaset ve y&#xF6;netim</subfield>
    <subfield code="x">T&#xFC;rkiye</subfield>
  </datafield>
  <datafield tag="740" ind1=" " ind2=" ">
    <subfield code="a">Umut da &#xE7;&#xF6;z&#xFC;m de CHP Neden?*  Nas&#x131;l?</subfield>
  </datafield>
  <datafield tag="942" ind1=" " ind2=" ">
    <subfield code="2">ddc</subfield>
    <subfield code="c">BKS</subfield>
  </datafield>
  <datafield tag="952" ind1=" " ind2=" ">
    <subfield code="5">1</subfield>
    <subfield code="a">0001</subfield>
    <subfield code="b">0001</subfield>
    <subfield code="d">2018-06-19</subfield>
    <subfield code="e">2</subfield>
    <subfield code="l">0</subfield>
    <subfield code="o">CHP 320.9561 T66&#xE7; 2016</subfield>
    <subfield code="p">018214</subfield>
    <subfield code="r">2018-06-19 00:00:00</subfield>
    <subfield code="w">2018-06-19</subfield>
    <subfield code="y">BKS</subfield>
  </datafield>
  <datafield tag="999" ind1=" " ind2=" ">
    <subfield code="c">10731</subfield>
    <subfield code="d">10731</subfield>
  </datafield>
</record>
